000 00331nam a2200121Ia 4500
008 240731s9999 xx 000 0 und d
022 _a1752-7279
245 0 _aBulletin of the Council for British Research in the Levant
260 _bRoutledge
856 _uhttps://www.tandfonline.com/loi/ycbr20
942 _2ddc
942 _cTFEJ
999 _c75719
_d75719
945 _a1
_bMadushi Gamage
_c1
_dMadushi Gamage